000 03337nab a2200301 i 4500
003 BR-BrBNA
005 20230922172414.0
008 230710b2020 bl.ar|pooa||| 00| 0 eng |
040 _aBR-BrBNA
_beng
072 _aF50
072 _aF03
100 _aAktas, K.
100 _aÖzdemir, C.
100 _aÖzdemir, B.
245 _aMorphology, anatomy, palynology and seed micromorphology of turkish endemic Verbascum exuberans Hub.-Mor. (Scrophulariaceae)
500 _aPublicação on-line; 36 ref.; 3 tables; 6 illus.; Summaries (En, Pt)
520 _a ABSTRACT - Verbascum L. is the largest genus of the family Scrophulariceae and includes several species are of medicinal importance. The high morphological diversity among the species of the genus Verbascum causes problems in the delimitation of the species. In this study, morphological, anatomical, palynological and seed properties of Verbascum exuberans were investigated. It is a local endemic restricted to the provinces of Manisa and Izmir in West Anatolia. In the root cross-section, the xylem elements occupy a considerable area. The upper part of the epidermis cells in the stem cross-section is covered a distinct cuticle layer. The main vein of the leaf is shapped as bicollateral bundle. Idioblasts were not observed in the epidermis of the leaves of V. exuberans. Seeds of V. exuberans are dark brown and oblong to prismatic and alveolate. Hilum is short and orbicular. The seed coat ornamentation is reticulaterugose. Pollen grains usually radially symmetrical, isopolar, prolate, tricolpate. Tectum is reticulate Keywords: leaf, pollen, root, stem, mullein.
520 _a RESUMO - Verbascum L. é o maior gênero da família Scrophulariaceae e inclui várias espécies de importância medicinal. A alta diversidade morfológica entre as espécies do gênero Verbascum causa problemas na delimitação das espécies. Neste estudo, as propriedades morfológicas, anatômicas, palinológicas e de sementes de Verbascum exuberans foram investigadas. É uma planta endêmica local restrita às províncias de Manisa e Izmir, na Anatólia Ocidental. Na seção transversal da raiz, os elementos do xilema ocupam uma área considerável. A parte superior das células da epiderme na seção transversal da haste é coberta por uma camada de cutícula distinta. A veia principal da folha é moldada como feixe bicolateral. Idioblastos não foram observados na epiderme das folhas de V. exuberans. Sementes de V. exuberans são marrom-escuras e oblongas a prismáticas e alveoladas. O hilo é curto e orbicular. A ornamentação do revestimento da semente é reticuladorugosa. Grãos de pólen geralmente radialmente simétricos, isopolares, prolatos, tricolpados. Tectum é padrão reticular. Palavras-chave: folha, pólen, raiz, haste, verbasco.
650 _aFOLHA
650 _aPÓLEN
650 _aRAÍZ
650 _aCAULE
650 _aVERBASCO
773 0 _0886
_91817
_dLondrina-PR : Sociedade Brasileira da Ciência das Plantas Daninhas, 1978
_o2023-031024
_tPlanta Daninha (Brazil)
_x0100-8358; 1806-9681 (on-line)
_gv. 38 p. 1-10; (2020)
_wBR2023000778
856 _uhttps://www.scielo.br/j/pd/a/dJvNtjdnvfGkPWcRcGVhcdt/?format=pdf&lang=en
942 _cAnalítica
999 _c9587
_d9587